Técnicas de tiza y pastel / (Record no. 30740)
[ view plain ]
| 000 -LEADER | |
|---|---|
| campo de control de longitud fija | 00533nam a2200193 i 4500 |
| 001 - NÚMERO DE CONTROL | |
| campo de control | 30740 |
| 003 - IDENTIFICADOR DE NÚMERO DE CONTROL | |
| campo de control | ES-MaACL |
| 005 - FECHA Y HORA DE LA ÚLTIMA TRANSACCIÓN | |
| campo de control | 20250815122401.0 |
| 007 - CAMPO FIJO DE DESCRIPCIÓN FÍSICA--INFORMACIÓN GENERAL | |
| campo de control de longitud fija | t| |
| 008 - DATOS DE LONGITUD FIJA--INFORMACIÓN GENERAL | |
| campo de control de longitud fija | 030127s1958 sp af |||| | spa d |
| 080 ## - NÚMERO DE LA CLASIFICACIÓN DECIMAL UNIVERSAL | |
| Número de la Clasificación Decimal Universal | 75.023.23 |
| 100 1# - ENTRADA PRINCIPAL--NOMBRE DE PERSONA | |
| Nombre de persona | Bell, John G. |
| 9 (RLIN) | 27177 |
| 245 10 - MENCIÓN DEL TÍTULO | |
| Título | Técnicas de tiza y pastel / |
| Mención de responsabilidad, etc. | John G. Bell. |
| 260 ## - PUBLICACIÓN, DISTRIBUCIÓN, ETC. | |
| Lugar de publicación, distribución, etc. | Barcelona : |
| Nombre del editor, distribuidor, etc. | L.E.D.A., |
| Fecha de publicación, distribución, etc. | [1958] |
| 300 ## - DESCRIPCIÓN FÍSICA | |
| Extensión | 47 p., 4 lám. col. : |
| Otras características físicas | il. ; |
| Dimensiones | 24 cm. |
| 650 #7 - PUNTO DE ACCESO ADICIONAL DE MATERIA--TÉRMINO DE MATERIA | |
| Término de materia o nombre geográfico como elemento de entrada | Pintura al pastel |
| Fuente del encabezamiento o término | embne |
| 9 (RLIN) | 169240 |
| 852 ## - LOCALIZACIÓN | |
| Ubicación | ES-MaACL |
| Número de control de estantería | C-11731 |
| Estatus retirado | Estado de pérdida | Estado de daño | No para préstamo | Biblioteca de origen | Biblioteca actual | Ubicación en estantería | Fecha de adquisición | Fuente de adquisición | Total de préstamos | Signatura topográfica completa | Código de barras | Visto por última vez | Precio de reemplazo | Tipo de ítem Koha |
|---|---|---|---|---|---|---|---|---|---|---|---|---|---|---|
| Biblioteca del Ateneo de Madrid | Biblioteca del Ateneo de Madrid | Sala Palomar | 17/01/2008 | C-11731 | 1031752 | 23/02/2023 | 23/02/2023 | Libro impreso |
